[Event "Santa Fe Litoral op"]
[White "Raposo Morero, Ariel Hugo"]
[Black "Barreira Vesco, Ulises"]
[Site "Santa Fe"]
[Round "4"]
[Result "0-1"]
[Date "2024.10.11"]
[WhiteElo "1735"]
[BlackElo "1854"]
[PlyCount "66"]
[EventDate "2024.10.11"]
[EventType "swiss"]
[EventRounds "6"]
[EventCountry "ARG"]
[SourceTitle "CB43_2024"]
[Source "Chessbase"]
[SourceDate "2024.10.23"]
[SourceVersion "1"]
[SourceVersionDate "2024.10.23"]
[SourceQuality "1"]

1. d4 c5 2. d5 d6 3. c4 b5 4. cxb5 a6 5. bxa6 Bxa6 6. Nc3 g6 7. e4 Bxf1 8. Kxf1 Bg7 9. g3 Nf6 10. Kg2 0-0 11. Nf3 Nbd7 12. a4 Ng4 13. Ra3 Qb6 14. Nb5 Nge5 15. Qc2 Nxf3 16. Rxf3 Ne5 17. Ra3 Rfc8 18. f4 Nd7 19. Re1 Qb7 20. b3 Nb6 21. Qd3 c4 22. bxc4 Nxa4 23. Be3 Nb2 24. Qb1 Nxc4 25. Rxa8 Nxe3+ 26. Rxe3 Rxa8 27. Rb3 Qc8 28. Ra3 Rb8 29. Rb3 Qc4 30. Rb4 Qe2+ 31. Kh3 h5 32. Nc3 Rxb4 33. Qxb4 Qf1+ 0-1

[Event "Santa Fe Litoral op"]
[White "Raposo Morero, Ariel Hugo"]
[Black "Gonzalez, Victor Matias"]
[Site "Santa Fe"]
[Round "6"]
[Result "0-1"]
[Date "2024.10.11"]
[WhiteElo "1735"]
[BlackElo "1860"]
[PlyCount "42"]
[EventDate "2024.10.11"]
[EventType "swiss"]
[EventRounds "6"]
[EventCountry "ARG"]
[SourceTitle "CB43_2024"]
[Source "Chessbase"]
[SourceDate "2024.10.23"]
[SourceVersion "1"]
[SourceVersionDate "2024.10.23"]
[SourceQuality "1"]

1. d4 Nf6 2. c4 g6 3. Nc3 d5 4. cxd5 Nxd5 5. e4 Nxc3 6. bxc3 Bg7 7. Nf3 c5 8. Bd2 Bg4 9. Qa4+ Nd7 10. Rb1 Bxf3 11. gxf3 0-0 12. Qc4 cxd4 13. Rxb7 dxc3 14. Bc1 Ne5 15. Qxc3 Rc8 16. Qa3 Rxc1+ 17. Qxc1 Qa5+ 18. Ke2 Qa6+ 19. Ke3 Qxb7 20. Qc5 Rc8 21. Qb5 Rc3+ 0-1

[Event "Santa Fe Litoral op"]
[White "Raposo Morero, Ariel Hugo"]
[Black "Hilgert, Gonzalo"]
[Site "Santa Fe"]
[Round "2"]
[Result "0-1"]
[Date "2024.10.11"]
[WhiteElo "1735"]
[BlackElo "1984"]
[PlyCount "118"]
[EventDate "2024.10.11"]
[EventType "swiss"]
[EventRounds "6"]
[EventCountry "ARG"]
[SourceTitle "CB43_2024"]
[Source "Chessbase"]
[SourceDate "2024.10.23"]
[SourceVersion "1"]
[SourceVersionDate "2024.10.23"]
[SourceQuality "1"]

1. d4 Nf6 2. c4 e6 3. Nc3 d5 4. cxd5 exd5 5. Bg5 Be7 6. e3 0-0 7. Bd3 Re8 8. Qc2 h6 9. Bh4 c6 10. h3 Nh5 11. Bxe7 Qxe7 12. Nce2 Nd7 13. Rc1 Nf8 14. Nf3 Nf6 15. Ne5 Ne6 16. Bf5 Ng5 17. 0-0 Bxf5 18. Qxf5 Rac8 19. Rc2 Nge4 20. f3 Nd6 21. Qd3 Nd7 22. Nxd7 Qxd7 23. Nc3 Nf5 24. Nd1 Re7 25. g4 Nh4 26. Re2 Qd6 27. f4 Rce8 28. Ref2 Re4 29. Rf3 Nxf3+ 30. Rxf3 Qb4 31. Kf2 a5 32. a3 Qb6 33. Kg3 a4 34. Qd2 Qa6 35. h4 Qc4 36. Nf2 R4e7 37. Nd3 f6 38. f5 b6 39. g5 hxg5 40. hxg5 fxg5 41. Kf2 g4 42. Rg3 Rf7 43. Rxg4 Rxf5+ 44. Rf4 Rxf4+ 45. Nxf4 g5 46. Nd3 Rf8+ 47. Kg3 c5 48. e4 Qxd4 49. Qxg5+ Qg7 50. Qxg7+ Kxg7 51. exd5 Rd8 52. Nf4 Kf6 53. Kf3 Ke5 54. Ke3 Rg8 55. Ne2 Rg2 56. Kd3 b5 57. Ke3 b4 58. axb4 cxb4 59. Kd3 Rxe2 0-1